Fullmetal Alchemist - L'armée - Statistiques

Statistiques générales
  • Ce quiz a été pris 30 fois
  • Le résultat moyen est 10 sur 16
Statistiques - réponses
Par images Hint Réponse % Correct
Alchimiste d'État (et major) Edward Elric
100%
Colonel (et alchimiste d'État) Roy Mustang
92%
Généralissime King Bradley (Wrath)
88%
Général de Division Olivier Mira Armstrong
88%
Major (et alchimiste d'État) Alex Louis Armstrong
83%
Lieutenant Riza Hawkeye
83%
Lieutenant-colonel Maes Hughes
79%
Alchimiste d'État (anciennement dans l'armée) Solf J. Kimblee
79%
Sous-lieutenant Jean Havoc
63%
Lieutenant Maria Ross
54%
Lieutenant-Général Raven
46%
Sous-lieutenant Heymans Breda
38%
Adjudant-chef Vato Falman
29%
Général de brigade (et alchimiste d'État) Basque Grand
25%
Lieutenant-Général Grumman
25%
Sergent-chef Kain Fuery
21%
Aucun quiz correspondant
Distribution des résultats
% des personnes avec chaque résultat
Percentile par nombre de réponses
Votre historique - résultats
Vous n’avez pas pris ce quiz